Základy zahraničního obchodu

Gespeichert in:
Bibliographische Detailangaben
1. Verfasser: Černohlávková, Eva
Format: Buch
Sprache:Tschechisch
Veröffentlicht: Praha Stát. nakl. techn. lit. 1988
Ausgabe:2. přeprac. vyd.
Tags: Tag hinzufügen
Keine Tags, Fügen Sie das erste Tag hinzu!

MARC

LEADER 00000nam a2200000 4500
001 c027191
005 20221219090025.2
041 0 |a cze 
044 |a CZ 
245 1 0 |a Základy zahraničního obchodu  |c Eva Černohlávková a kol. 
250 |a 2. přeprac. vyd. 
264 1 |a Praha  |b Stát. nakl. techn. lit.  |c 1988 
300 |a 118 s. 
100 1 |a Černohlávková, Eva